[Event "Harkany Tenkes Cup 42nd"]
[Site "Harkany"]
[Date "2018.11.27"]
[Round "6"]
[White "Leszko, Bence"]
[Black "Monda, Laszlo"]
[Result "1-0"]
[WhiteElo "2049"]
[BlackElo "2072"]
[PlyCount "97"]
[EventDate "2018.11.23"]
[EventType "swiss"]
[EventRounds "9"]
[EventCountry "HUN"]
[SourceTitle "CBM 187 Extra"]
[Source "ChessBase"]
[SourceDate "2018.11.04"]
[SourceVersion "1"]
[SourceVersionDate "2018.11.04"]
[SourceQuality "1"]

1. e4 c5 2. Nf3 e6 3. b3 Nf6 4. e5 Nd5 5. c4 Ne7 6. d4 cxd4 7. Nxd4 Nec6 8. Nf3 Nxe5 9. Bb2 Nxf3+ 10. Qxf3 Bb4+ 11. Nc3 Qg5 12. h4 Qe5+ 13. Be2 Nc6 14. 0-0-0 Qa5 15. Kb1 0-0 16. Ne4 f6 17. Qg3 e5 18. h5 d6 19. h6 g6 20. Bd3 f5 21. Ng5 Ba3 22. c5 f4 23. Qf3 Nb4 24. Bc4+ Kh8 25. Bc3 Bf5+ 26. Ne4 Qxc5 27. Qxf4 b5 28. Qxf5 Rxf5 29. Nxc5 bxc4 30. g4 Rxf2 31. Rxd6 cxb3 32. Bxe5+ Kg8 33. axb3 Na6 34. Rxg6+ hxg6 35. h7+ Kf7 36. Nxa6 Rf3 37. Ka2 Be7 38. Nb8 Rxb8 39. Bxb8 Bf6 40. h8Q Bxh8 41. Rxh8 Rf2+ 42. Ka3 Rg2 43. Bxa7 Rxg4 44. b4 Ke7 45. Rc8 Kd7 46. Rc1 Rg3+ 47. Ka4 Rg2 48. Kb3 Rg5 49. Rg1 1-0

[Event "Harkany Tenkes Cup 42nd"]
[Site "Harkany"]
[Date "2018.11.24"]
[Round "2"]
[White "Daroczi, Donat"]
[Black "Monda, Laszlo"]
[Result "1/2-1/2"]
[WhiteElo "1914"]
[BlackElo "2072"]
[PlyCount "115"]
[EventDate "2018.11.23"]
[EventType "swiss"]
[EventRounds "9"]
[EventCountry "HUN"]
[SourceTitle "CBM 187 Extra"]
[Source "ChessBase"]
[SourceDate "2018.11.04"]
[SourceVersion "1"]
[SourceVersionDate "2018.11.04"]
[SourceQuality "1"]

1. e4 c5 2. Nf3 e6 3. d4 cxd4 4. Nxd4 a6 5. c4 Qc7 6. a3 Nf6 7. Nc3 b6 8. Be3 Bb7 9. f3 d6 10. Be2 Nbd7 11. 0-0 Be7 12. Qd2 0-0 13. Rac1 Rac8 14. b4 Qb8 15. Rc2 Bd8 16. Nb3 Bc7 17. g3 Rfe8 18. Rb1 Qa8 19. Rd1 Bb8 20. Na4 d5 21. Nxb6 Nxb6 22. Bxb6 dxe4 23. f4 Bc6 24. Qe3 e5 25. Rcd2 Ba4 26. Rf1 Nd7 27. c5 Nxb6 28. cxb6 exf4 29. gxf4 Bxb3 30. Qxb3 Rc6 31. Rd7 Rf6 32. Bc4 Qc6 33. Rxf7 Qxb6+ 34. Kh1 Kh8 35. Qc3 Rf8 36. Rxf6 gxf6 37. Bd5 e3 38. Qc5 Qxc5 39. bxc5 Re8 40. Bf3 Bxf4 41. Bh5 Re4 42. Rc1 Bc7 43. Kg2 Rh4 44. Be2 Rxh2+ 45. Kf3 Rh3+ 46. Ke4 a5 47. Rc3 h5 48. Rxe3 f5+ 49. Kd3 Rxe3+ 50. Kxe3 h4 51. Bd3 f4+ 52. Kf3 h3 53. Be4 Kg7 54. Kg4 h2 55. Kh3 Kf6 56. Kxh2 Ke5 57. Bc6 Kd4 58. Kg1 1/2-1/2

[Event "Lignano Sabbiadoro op 3rd"]
[Site "Lignano Sabbiadoro"]
[Date "2017.08.04"]
[Round "7"]
[White "Monda, Laszlo"]
[Black "Vuelban, Virgilio"]
[Result "0-1"]
[WhiteElo "2086"]
[BlackElo "2282"]
[PlyCount "80"]
[EventDate "2017.07.30"]
[EventType "swiss"]
[EventRounds "9"]
[EventCountry "ITA"]
[SourceTitle "CBM 179 Extra"]
[Source "ChessBase"]
[SourceDate "2017.08.23"]
[SourceVersion "1"]
[SourceVersionDate "2017.08.23"]
[SourceQuality "1"]

1. d4 Nf6 2. Nf3 g6 3. Bg5 Ne4 4. Bh4 Bg7 5. Nbd2 d5 6. c3 Nd6 7. Qb3 c6 8. e3 Nd7 9. Bd3 Nf6 10. c4 dxc4 11. Nxc4 0-0 12. Nxd6 exd6 13. h3 Qb6 14. Bg3 Rd8 15. Bc4 Qa5+ 16. Ke2 d5 17. Bd3 Ne4 18. Bh4 Re8 19. Rhd1 h6 20. Nd2 g5 21. Bxe4 dxe4 22. Bg3 Qa6+ 23. Ke1 Be6 24. Qc2 f5 25. Nb3 Bd5 26. Rdc1 b6 27. Qe2 Qb7 28. Kf1 Qf7 29. Kg1 f4 30. Bh2 f3 31. Qf1 c5 32. dxc5 Bxb2 33. cxb6 Bxc1 34. Rxc1 axb6 35. Qb5 Rac8 36. Rd1 Bxb3 37. axb3 Red8 38. Bd6 Rxd6 39. Rxd6 Rc1+ 40. Kh2 fxg2 0-1

[Event "Lignano Sabbiadoro op 3rd"]
[Site "Lignano Sabbiadoro"]
[Date "2017.08.02"]
[Round "5"]
[White "Monda, Laszlo"]
[Black "Zamar Kodelja, Jurij"]
[Result "0-1"]
[WhiteElo "2086"]
[BlackElo "2249"]
[PlyCount "70"]
[EventDate "2017.07.30"]
[EventType "swiss"]
[EventRounds "9"]
[EventCountry "ITA"]
[SourceTitle "CBM 179 Extra"]
[Source "ChessBase"]
[SourceDate "2017.08.23"]
[SourceVersion "1"]
[SourceVersionDate "2017.08.23"]
[SourceQuality "1"]

1. d4 Nf6 2. Nf3 c5 3. c3 b6 4. Bg5 Bb7 5. Nbd2 g6 6. e3 Bg7 7. Bd3 0-0 8. 0-0 d5 9. Bh4 Nbd7 10. Qe2 Ne4 11. Ba6 Bxa6 12. Qxa6 Ndf6 13. a4 cxd4 14. exd4 Nxd2 15. Nxd2 Qd7 16. Rfe1 e6 17. Qb5 Qb7 18. Qd3 Rfc8 19. Bg3 Nd7 20. Bf4 a6 21. Nf3 b5 22. a5 b4 23. Bd2 bxc3 24. bxc3 Qc7 25. g3 Nf6 26. Ng5 h6 27. Nxe6 fxe6 28. Rxe6 Qf7 29. Rxa6 Ne4 30. Be1 Rxa6 31. Qxa6 Rxc3 32. Qb6 Rc2 33. f4 Qd7 34. Qb3 Bxd4+ 35. Kh1 Qh3 0-1

[Event "HUN-chT2 Breyer 1516"]
[Site "Hungary"]
[Date "2015.09.13"]
[Round "1.8"]
[White "Monda, Laszlo"]
[Black "Palla, Akos Botond"]
[Result "1/2-1/2"]
[WhiteElo "2061"]
[BlackElo "2025"]
[PlyCount "78"]
[EventDate "2015.09.13"]
[EventType "team-tourn"]
[EventRounds "11"]
[EventCountry "HUN"]
[SourceTitle "CBM 170 Extra"]
[Source "ChessBase"]
[SourceDate "2016.02.25"]
[SourceVersion "1"]
[SourceVersionDate "2016.02.25"]
[SourceQuality "1"]
[WhiteTeam "Kobanya Aquarena"]
[BlackTeam "Sarkany DSE"]
[WhiteTeamCountry "HUN"]
[BlackTeamCountry "HUN"]

1. c4 e6 2. g3 Nf6 3. Bg2 d5 4. d4 Nbd7 5. Nc3 c6 6. cxd5 exd5 7. Nf3 Bd6 8. 0-0 0-0 9. Qd3 Re8 10. Nh4 Nf8 11. a3 a5 12. Re1 Ng6 13. Nf5 Bc7 14. Ne3 h5 15. Nf1 Qd6 16. e4 dxe4 17. Nxe4 Nxe4 18. Rxe4 Be6 19. Qe2 h4 20. Qh5 Bb3 21. Bf4 Qd7 22. Bxc7 Qxc7 23. Rae1 Rxe4 24. Rxe4 hxg3 25. hxg3 Rd8 26. Qe2 Be6 27. Nd2 Qd7 28. Nc4 Bf5 29. Nb6 Qc7 30. Re8+ Nf8 31. Na8 Qd7 32. Rxd8 Qxd8 33. Qe5 Bh7 34. Nc7 f6 35. Qxa5 Qxd4 36. Qa8 Qd1+ 37. Kh2 Qh5+ 38. Kg1 Qd1+ 39. Kh2 Qh5+ 1/2-1/2

[Event "HUN-chT2 Charousek 1112"]
[Site "Hungary"]
[Date "2012.01.29"]
[Round "5"]
[White "Solymosi, Istvan"]
[Black "Monda, Laszlo"]
[Result "1/2-1/2"]
[WhiteElo "2178"]
[BlackElo "2129"]
[PlyCount "124"]
[EventDate "2011.09.25"]
[EventType "team-tourn"]
[EventRounds "11"]
[EventCountry "HUN"]
[SourceTitle "EXT 2013"]
[Source "ChessBase"]
[SourceDate "2012.11.22"]
[SourceVersion "1"]
[SourceVersionDate "2012.11.22"]
[SourceQuality "1"]
[WhiteTeam "Gyor Elektromos"]
[BlackTeam "Budapest MTK"]
[WhiteTeamCountry "HUN"]
[BlackTeamCountry "HUN"]

1. d4 d5 2. c4 c6 3. Nf3 Nf6 4. Nc3 e6 5. e3 Nbd7 6. Bd3 dxc4 7. Bxc4 b5 8. Bd3 a6 9. e4 c5 10. e5 Nd5 11. Nxd5 exd5 12. 0-0 Be7 13. Bc2 0-0 14. Qd3 g6 15. Bh6 Re8 16. Qe3 cxd4 17. Qxd4 Nc5 18. Rad1 Be6 19. b4 Nd7 20. Qf4 a5 21. Nd4 Qc7 22. Rfe1 Bxb4 23. Re2 Qb7 24. Bd3 Bf8 25. Bxb5 Bxh6 26. Qxh6 Rec8 27. Re3 Bg4 28. Rde1 Nf8 29. Qf4 Be6 30. h4 Rc5 31. a4 Qe7 32. h5 Rac8 33. Rg3 Rc3 34. Bd3 Kg7 35. Nb5 R3c4 36. Bxc4 Rxc4 37. Nd4 Bd7 38. Nf5+ Bxf5 39. Qxf5 Ne6 40. Rg4 Qb4 41. Rb1 Rxg4 42. Qf6+ Kg8 43. Rxb4 Rxb4 44. Qf3 Re4 45. h6 Re1+ 46. Kh2 Rxe5 47. g4 d4 48. Kg3 Kf8 49. Qa8+ Ke7 50. Qa7+ Kf6 51. f4 Rd5 52. g5+ Nxg5 53. fxg5+ Rxg5+ 54. Kf4 Rf5+ 55. Ke4 Kg5 56. Qe7+ Kxh6 57. Qh4+ Kg7 58. Kxd4 g5 59. Qh5 h6 60. Kc4 Re5 61. Qh2 g4 62. Qc2 h5 1/2-1/2

[Event "Zalakaros op 30th"]
[Site "Zalakaros"]
[Date "2011.05.22"]
[Round "3"]
[White "Monda, Laszlo"]
[Black "Juhasz, Kristof"]
[Result "1/2-1/2"]
[WhiteElo "2124"]
[BlackElo "2301"]
[PlyCount "76"]
[EventDate "2011.05.20"]
[EventType "swiss"]
[EventRounds "9"]
[EventCountry "HUN"]
[SourceTitle "CBM 142 Extra"]
[Source "ChessBase"]
[SourceDate "2011.06.27"]
[SourceVersion "1"]
[SourceVersionDate "2011.06.27"]
[SourceQuality "1"]

1. c4 e6 2. g3 d5 3. Bg2 Nf6 4. a3 c6 5. Qc2 Bd6 6. d3 0-0 7. Nf3 e5 8. 0-0 Re8 9. Bg5 Nbd7 10. cxd5 cxd5 11. Nc3 h6 12. Nb5 Bb8 13. Bxf6 Nxf6 14. Rfc1 Bd7 15. Nc7 Bxc7 16. Qxc7 Bc6 17. Qxd8 Raxd8 18. d4 e4 19. Ne5 Rd6 20. Bh3 Nh7 21. Rc3 Ng5 22. Bf1 f6 23. Nxc6 Rxc6 24. Rxc6 bxc6 25. Rc1 Rc8 26. b4 Kf7 27. b5 Ke7 28. h4 Nf7 29. e3 Kd6 30. a4 Rc7 31. Rb1 cxb5 32. Rxb5 Nd8 33. Ra5 Nc6 34. Rb5 Rc8 35. Rb7 Rc7 36. Rb5 g5 37. hxg5 fxg5 38. Be2 Ne7 1/2-1/2

[Event "Zalakaros op 30th"]
[Site "Zalakaros"]
[Date "2011.05.20"]
[Round "1"]
[White "Monda, Laszlo"]
[Black "Konnyu, Janos"]
[Result "0-1"]
[WhiteElo "2124"]
[BlackElo "2384"]
[PlyCount "102"]
[EventDate "2011.05.20"]
[EventType "swiss"]
[EventRounds "9"]
[EventCountry "HUN"]
[SourceTitle "CBM 142 Extra"]
[Source "ChessBase"]
[SourceDate "2011.06.27"]
[SourceVersion "1"]
[SourceVersionDate "2011.06.27"]
[SourceQuality "1"]

1. c4 Nf6 2. Nc3 g6 3. g3 Bg7 4. Bg2 d6 5. e3 0-0 6. Nge2 e5 7. 0-0 Nc6 8. a3 Be6 9. d3 d5 10. cxd5 Nxd5 11. Qc2 Nce7 12. Na4 c5 13. e4 Nb6 14. Nxc5 Rc8 15. b4 Nd7 16. Qb1 Nxc5 17. bxc5 Rxc5 18. Be3 Rc6 19. Qxb7 Rc7 20. Qa6 Bc8 21. Qb5 Qd6 22. Rfc1 Rb7 23. Bc5 Qb8 24. Qa4 Bd7 25. Qd1 Bg4 26. f3 Be6 27. Rcb1 Rxb1 28. Rxb1 Qc7 29. Rc1 Rd8 30. Rc3 Qd7 31. Qc1 Nc6 32. Bf2 Na5 33. Qb2 Qa4 34. Nc1 Qd1+ 35. Bf1 Qxf3 36. Be2 Qf6 37. Qb4 Bh6 38. Qxa5 Bd2 39. Qb4 Qg5 40. h4 Qh6 41. Qe7 Rf8 42. Na2 Bxc3 43. Nxc3 Qc1+ 44. Nd1 Qd2 45. Kf1 Bh3+ 46. Kg1 Qxe2 47. Ne3 Rb8 48. Qf6 Rb2 49. d4 Rb6 50. Qd8+ Kg7 51. Nf5+ gxf5 0-1

[Event "HUN-chT2 Charousek 1011"]
[Site "Hungary"]
[Date "2010.09.26"]
[Round "2"]
[White "Monda, Laszlo"]
[Black "Forgo, Eva"]
[Result "0-1"]
[WhiteElo "2149"]
[BlackElo "2180"]
[PlyCount "72"]
[EventDate "2010.09.12"]
[EventType "team-tourn"]
[EventRounds "11"]
[EventCountry "HUN"]
[SourceTitle "EXT 2012"]
[Source "ChessBase"]
[SourceDate "2011.11.24"]
[SourceVersion "1"]
[SourceVersionDate "2011.11.24"]
[SourceQuality "1"]
[WhiteTeam "Tapolca"]
[BlackTeam "Csuti II"]
[WhiteTeamCountry "HUN"]
[BlackTeamCountry "HUN"]

1. c4 e5 2. g3 Nc6 3. Bg2 Nf6 4. Nc3 Bc5 5. d3 0-0 6. Nf3 Re8 7. Bg5 h6 8. Bxf6 Qxf6 9. 0-0 Qd8 10. a3 a5 11. Qa4 Ba7 12. e3 d6 13. b4 Bf5 14. Ne1 axb4 15. axb4 Bb6 16. Qxa8 Qxa8 17. Rxa8 Rxa8 18. Nd5 Kf8 19. Nxb6 cxb6 20. b5 Nb4 21. Bxb7 Ra1 22. d4 exd4 23. exd4 Rc1 24. c5 dxc5 25. dxc5 Rxc5 26. Nf3 Bd3 27. Re1 Bxb5 28. Rb1 Nd3 29. Nd4 Bd7 30. Rxb6 Rc1+ 31. Kg2 Ne1+ 32. Kf1 Nf3+ 33. Kg2 Nxd4 34. Rd6 Rc7 35. Be4 Ne6 36. h3 Ng5 0-1

[Event "HUN-chT2 Charousek 0910"]
[Site "Hungary"]
[Date "2009.11.08"]
[Round "1"]
[White "Nemeth, Zsolt"]
[Black "Monda, Laszlo"]
[Result "0-1"]
[WhiteElo "2011"]
[BlackElo "2137"]
[PlyCount "120"]
[EventDate "2009.11.08"]
[EventType "team-tourn"]
[EventRounds "11"]
[EventCountry "HUN"]
[SourceTitle "EXT 2011"]
[Source "ChessBase"]
[SourceDate "2010.11.26"]
[SourceVersion "1"]
[SourceVersionDate "2010.11.26"]
[SourceQuality "1"]
[WhiteTeam "Csuti II"]
[BlackTeam "Tapolca"]
[WhiteTeamCountry "HUN"]
[BlackTeamCountry "HUN"]

1. e4 c5 2. Nf3 e6 3. d3 g6 4. g3 Bg7 5. Bg2 Qb6 6. Nbd2 d5 7. 0-0 Ne7 8. exd5 exd5 9. Re1 Nbc6 10. c3 a5 11. Qb3 Qxb3 12. Nxb3 a4 13. Nbd2 0-0 14. Nf1 a3 15. d4 cxd4 16. Nxd4 Nxd4 17. cxd4 Nc6 18. Bxd5 Nxd4 19. Rb1 Be6 20. Bxe6 Nf3+ 21. Kh1 Nxe1 22. Bc4 Rfc8 23. Ne3 axb2 24. Bxb2 Bxb2 25. Rxb2 Rc7 26. Re2 Nf3 27. Kg2 Nd4 28. Rd2 Ne6 29. Bb3 Kg7 30. h4 Rd8 31. Rxd8 Nxd8 32. g4 Ne6 33. Kg3 Rc3 34. Bc4 h6 35. Kf3 Nd4+ 36. Ke4 Nc2 37. Bb3 Nxe3 38. fxe3 Rc1 39. Kf4 Rf1+ 40. Kg3 Rg1+ 41. Kf4 Kf6 42. e4 Rf1+ 43. Kg3 Ke5 44. Bd5 b6 45. Kg2 Rf4 46. Kg3 f5 47. gxf5 gxf5 48. exf5 Kxf5 49. Bc6 Ke5 50. h5 Rf6 51. Bd7 Rd6 52. Bb5 Kf5 53. Be8 Rd3+ 54. Kh4 Rd4+ 55. Kg3 Kg5 56. Kf3 Rd3+ 57. Ke4 Ra3 58. Bf7 Ra7 59. Bc4 Kxh5 60. Kd5 Ra5+ 0-1

[Event "HUN-chT2 Charousek 0809"]
[Site "Hungary"]
[Date "2009.04.19"]
[Round "11"]
[White "Rigo, Janos"]
[Black "Monda, Laszlo"]
[Result "1-0"]
[WhiteElo "2308"]
[BlackElo "2131"]
[PlyCount "83"]
[EventDate "2008.10.26"]
[EventType "team-tourn"]
[EventRounds "11"]
[EventCountry "HUN"]
[SourceTitle "EXT 2010"]
[Source "ChessBase"]
[SourceDate "2010.11.25"]
[SourceVersion "1"]
[SourceVersionDate "2010.11.25"]
[SourceQuality "1"]
[WhiteTeam "Honved"]
[BlackTeam "Tapolca"]
[WhiteTeamCountry "HUN"]
[BlackTeamCountry "HUN"]

1. e4 c5 2. Nf3 e6 3. d4 cxd4 4. Nxd4 a6 5. c4 Qc7 6. Nc3 g6 7. Be3 Nf6 8. f4 d6 9. Be2 Bg7 10. 0-0 Nbd7 11. Ndb5 axb5 12. Nxb5 Qb8 13. Nxd6+ Kf8 14. e5 Ne8 15. Nb5 Kg8 16. b4 Bf8 17. c5 Nc7 18. Nc3 Ra3 19. Bd4 Rxc3 20. Bxc3 Nd5 21. Bd2 Qc7 22. Rc1 Nb8 23. Qc2 Nc6 24. Qe4 Bd7 25. b5 Na7 26. b6 Bxc5+ 27. Be3 Bxe3+ 28. Qxe3 Qd8 29. Qf2 Nc8 30. Rb1 Ncxb6 31. Rfc1 Bc6 32. Bb5 Bxb5 33. Rxb5 Kg7 34. Rcb1 Na4 35. Rxb7 Nac3 36. Re1 Qc8 37. Rb3 Qa6 38. f5 gxf5 39. Qg3+ Kh6 40. Qh4+ Kg7 41. Qg5+ Kf8 42. Rb8+ 1-0